000 01053nam a2200253 i 4500
001 33333
003 ES-MaACL
005 20250809062537.0
007 t|
008 030202s1944 it ||||1| ita d
100 1 _aBesta, Enrico.
_928614
245 1 0 _aFonti del Diritto Italiano
_b: dalla caduta dell'Imperio Romano sino ai tempi nostri /
_cEnrico Besta.
250 _a2ª ed.
260 _aMilano :
_bA. Giuffre,
_c1944 (
_fCisano Bergamasco ; Pozzoni)
300 _aVIII, 209 p. ;
_c25 cm.
510 _aICCU,
_c0018818
650 7 _aDerecho
_2embne
_911602
651 4 _98866
_aItalia-
_xHistoria
852 _aES-MaACL
_jD-6399
_bR.31843
_bR.M.5994
_934565
_cSVI
_fSello en tinta azul de la Biblioteca del Ateneo de Madrid
_gAnotación manuscrita en cubierta: "27"
_gAnotaciones manuscritas en hoja de guarda
_zEn cubierta: "29.ABR.1952"
942 _2udc
_cMONOGRAFIA
999 _c33333
_d33333